Повышение конкурентоспособности венчурного бизнеса с помощью СМК на примере Томской и Новосибирской областях; Ресурсоэффективные системы в управлении и контроле: взгляд в будущее; Ч. 2

التفاصيل البيبلوغرافية
Parent link:Ресурсоэффективные системы в управлении и контроле: взгляд в будущее: сборник научных трудов III Международной конференции школьников, студентов, аспирантов, молодых ученых, 06 - 11 октября 2014 г./ Национальный исследовательский Томский политехнический университет (ТПУ).— , 2014
Ч. 2.— 2014.— [С. 41-44]
المؤلف الرئيسي: Брянская Д. С.
مؤلف مشترك: Национальный исследовательский Томский политехнический университет (ТПУ) Институт неразрушающего контроля (ИНК) Кафедра физических методов и приборов контроля качества (ФМПК)
مؤلفون آخرون: Шлякова Н. Н. (научный руководитель), Васендина Е. А. Елена Александровна
الملخص:Заглавие с титульного экрана
اللغة:الروسية
منشور في: 2014
سلاسل:Эффективные системы управления качеством
الموضوعات:
الوصول للمادة أونلاين:http://www.lib.tpu.ru/fulltext/c/2014/C47/V2/012.pdf
التنسيق: الكتروني فصل الكتاب
KOHA link:https://koha.lib.tpu.ru/cgi-bin/koha/opac-detail.pl?biblionumber=611190

MARC

LEADER 00000naa2a2200000 4500
001 611190
005 20231101132638.0
035 |a (RuTPU)RU\TPU\conf\8916 
035 |a RU\TPU\conf\8894 
090 |a 611190 
100 |a 20150227d2014 k y0rusy50 ca 
101 0 |a rus 
102 |a RU 
105 |a y z 101zy 
135 |a drgn ---uucaa 
181 0 |a i  
182 0 |a b 
200 1 |a Повышение конкурентоспособности венчурного бизнеса с помощью СМК на примере Томской и Новосибирской областях  |f Д. С. Брянская, Н. Н. Шлякова  |g науч. рук. Е. А. Васендина 
203 |a Текст  |c электронный 
225 1 |a Эффективные системы управления качеством 
230 |a 1 компьютерный файл (pdf; 353 Kb) 
300 |a Заглавие с титульного экрана 
320 |a [Библиогр.: с. 43-44 (4 назв.)] 
337 |a Adobe Reader 
461 1 |0 (RuTPU)RU\TPU\conf\8514  |t Ресурсоэффективные системы в управлении и контроле: взгляд в будущее  |o сборник научных трудов III Международной конференции школьников, студентов, аспирантов, молодых ученых, 06 - 11 октября 2014 г.  |o в 4 ч.  |f Национальный исследовательский Томский политехнический университет (ТПУ)  |d 2014 
463 0 |0 (RuTPU)RU\TPU\conf\8518  |t Ч. 2  |v [С. 41-44]  |d 2014 
610 1 |a труды учёных ТПУ 
610 1 |a электронный ресурс 
610 1 |a конкурентоспособность 
610 1 |a венчурный бизнес 
610 1 |a СМК 
610 1 |a системы менеджмента качества 
610 1 |a Томская область 
610 1 |a Новосибирская область 
610 1 |a венчурное предпринимательство 
700 1 |a Брянская  |b Д. С. 
701 1 |a Шлякова  |b Н. Н. 
702 1 |a Васендина  |b Е. А.  |c специалист в области электротехники  |c доцент Томского политехнического университета, инженер, кандидат технических наук  |f 1975-  |g Елена Александровна  |2 stltpush  |4 727 
712 0 2 |a Национальный исследовательский Томский политехнический университет (ТПУ)  |b Институт неразрушающего контроля (ИНК)  |b Кафедра физических методов и приборов контроля качества (ФМПК)  |h 68  |2 stltpush  |3 (RuTPU)RU\TPU\col\18709 
801 2 |a RU  |b 63413507  |c 20150227  |g RCR 
856 4 |u http://www.lib.tpu.ru/fulltext/c/2014/C47/V2/012.pdf 
942 |c BK